000 00912nam a2200277Ia 4500
003 OSt
005 20220918171428.0
006 a|||||r|||| 00| 0
007 ta
008 220917b |||||||| |||| 00| 0 eng d
020 _a9781783300464 (pbk)
_cUKP 69.95
024 _a355,088
037 _b166, 29/12/2021, Mallika Books
_cTextual
040 _aARTS
_cARTS
_beng
041 _2eng
_aeng
082 _a2:(D65,8(B)):88, Q0(2D)
100 _aHunter Gregory S. Au.
_936507
245 0 _aDeveloping and maintaining practical archives
_b how to do it manual
250 _a3rd
260 _aLondon
_bFacet Publishing UK
_c2020
300 _axvi,302p.
_ccm.
490 _aFact books for archivists and records managers
650 _aLIBRARY SCIENCE
942 _h2:(D65,8(B)):88, Q0(2D)
_cTEXL
_2CC
999 _c139527
_d139527